LIBRARY & INFORMATION CENTRE, KCAET, TAVANUR

ONLINE PUBLIC ACCESS CATALOGUE (OPAC)

Africa africa (Record no. 440)

MARC details
000 -LEADER
fixed length control field 00363cam a2200169ua 4500
041 ## - LANGUAGE CODE
Language code of text/sound track or separate title mal
082 ## - DEWEY DECIMAL CLASSIFICATION NUMBER
Classification number 960
Item number PET/AE
100 ## - MAIN ENTRY--AUTHOR NAME
Personal name Peter, K C .
245 ## - TITLE STATEMENT
Title Africa africa
260 ## - PUBLICATION, DISTRIBUTION, ETC. (IMPRINT)
Place of publication Thrissur :
Name of publisher Current books ,
Year of publication 1958.
300 ## - PHYSICAL DESCRIPTION
Number of Pages 1958 ; .
942 ## - ADDED ENTRY ELEMENTS (KOHA)
Koha item type Books
Holdings
Withdrawn status Lost status Damaged status Home library Current library Date acquired Full call number Accession Number Koha item type
Withdrawn     KAUAET Malayalam University 07/04/2012 960 1769 Books
free website counter